| 000 | 004350000a22001690004500 | ||
|---|---|---|---|
| 003 | MACL | ||
| 005 | 20160803144204.0 | ||
| 008 | 160803b xxu||||| |||| 00| 0 eng d | ||
| 040 |
_aMACL _cMACL |
||
| 041 | _aEnglish | ||
| 082 | _a204 HER | ||
| 100 |
_aGatty, Margaret _966074 |
||
| 245 |
_aParables from Nature _cMargaret Gatty |
||
| 260 |
_bG Bell & Sons Ltd _c1912 _aLondon |
||
| 650 |
_aReligion _966075 |
||
| 942 |
_cBK _k204/HER _2ddc |
||
| 999 |
_c38194 _d38194 |
||